| 000 | 00546nam a2200217 a 4500 | ||
|---|---|---|---|
| 999 |
_c7362 _d7362 |
||
| 001 | 7362 | ||
| 003 | BD-JhCC | ||
| 005 | 20180212104433.0 | ||
| 008 | 180208s1983 bg |||| || | 000 0 eng d | ||
| 035 | _a(BD-JhCC)7362 | ||
| 040 |
_aBD-JhCC _dBD-JhCC |
||
| 041 | _aeng | ||
| 082 |
_a959.70431 _bKAL 1983 |
||
| 100 | _aKalam, Abul | ||
| 245 |
_aPeacemaking in Indochina 1954-1975 / _cAbul Kalam, |
||
| 260 |
_aDhaka : _bUniversity Press, _c1983 |
||
| 300 |
_a458 p. : _c26 cm. |
||
| 650 |
_aPeace _zVietnam |
||
| 942 |
_2ddc _cBK |
||